00458cam a2200157 a 450000100100000000500170001000800410002704000180006808200200008610000320010624500540013826000400019230000200023265000230025265000250027500000499020200929151542.0901109s1990 ag 001 p spa  aDO-SdBNPcDLC aAr861.42bR733p1 aRoggiano, Alfredo A.d1919-10aPrisión o transparencia /cAlfredo A. Roggiano. aCordoba, Argentina :bMundi,c1990. a76 p. ;c22 cm. 4aPoesía argentina 4aLiteratura argentina